000
00213nam a22000857a 4500
008
170407b xxu||||| |||| 00| 0 eng d
100
_9
3078
_a
Kumar.V.
245
_a
Geography Map WorkBook
260
_a
New Delhi
_b
APC
_c
2009
999
_c
6365
_d
6365